LEADER 01461nas 2200469-a 450 001 9910389179103321 005 20240413024255.0 035 $a(CKB)110992357407542 035 $a(CONSER)sn-99015368- 035 $a(EXLCZ)99110992357407542 100 $a19971112b19972010 --- - 101 0 $aeng 181 $ctxt$2rdacontent 182 $cc$2rdamedia 183 $acr$2rdacarrier 200 00$aFeed tech 210 $aDoetinchem, the Netherlands $cMisset International$d1997- 215 $a1 online resource 300 $aTitle from cover. 311 08$aPrint version: Feed tech. 1387-1978 (DLC)sn 99015368 (OCoLC)37925715 517 3 $aFeedtech 531 0 $aFeed tech 606 $aFeed industry$vPeriodicals 606 $aFeed processing$vPeriodicals 606 $aFeed industry$2fast$3(OCoLC)fst00922403 606 $aFeed processing$2fast$3(OCoLC)fst00922417 606 $aPublications périodiques$2eclas 606 $aProduction d'aliments pour animaux$2eclas 606 $aAlimentation animale$2eclas 608 $aPeriodicals.$2fast 615 0$aFeed industry 615 0$aFeed processing 615 7$aFeed industry. 615 7$aFeed processing. 615 7$aPublications périodiques. 615 7$aProduction d'aliments pour animaux. 615 7$aAlimentation animale. 906 $aJOURNAL 912 $a9910389179103321 920 $aexl_impl conversion 996 $aFeed tech$91952394 997 $aUNINA LEADER 01793nam0 22003973i 450 001 PUV1165528 005 20251003044317.0 010 $a9788824469937 100 $a20130827d2009 ||||0itac50 ba 101 | $aita 102 $ait 181 1$6z01$ai $bxxxe 182 1$6z01$an 183 1$6z01$anc$2RDAcarrier 200 1 $aCompendio di diritto amministrativo$e[aggiornato al D.Lgs. 27 ottobre 2009, n. 150 (attuazione della L.15/2009 sull'ottimizzazione della produttività nel pubblico impiego)]$fL. Delpino, F. del Giudice 205 $a20. ed 210 $aNapoli$cSimone$d2009 215 $a543 p.$d21 cm. 225 | $aˆI ‰volumi di base 410 0$1001NAP0392842$12001 $aˆI ‰volumi di base 500 10$aCompendio di diritto amministrativo.$3BCT0007118$9CFIV070727$935741 606 $aDIRITTO AMMINISTRATIVO$xGIURISPRUDENZA$2FIR$3MILC026886$9I 676 $a342.4506$9DIRITTO COSTITUZIONALE E AMMINISTRATIVO. POTERE ESECUTIVO. Italia$v22 700 1$aDelpino$b, Luigi$3CFIV070727$0261993 701 1$aDel Giudice$b, Federico$3CFIV049776$0105003 790 1$aDel Giudice$b, F.$3VIAV127871$zDel Giudice, Federico 790 1$aDel Giudice$b, F.$3VIAV127871$zDel Giudice, Federico 801 3$aIT$bIT-000000$c20130827 850 $aIT-BN0095 $aIT-NA0079 901 $bNAP BN$cMAGAZZINO $nmagazzini correnti divisi per anni 901 $bNAP 01$cDIREZIONE $nComprende testi riguardanti la gestione amministrativa e dei servizi vari del DSGA 912 $aPUV1165528 950 0$aBiblioteca Centralizzata di Ateneo$d 01DIREZIONE 342.4506 DEL co$e 0104 0000016135 VDA 1 v.$fB $h20100617$i20100617 977 $a 01$a BN 996 $aCompendio di diritto amministrativo$935741 997 $aUNISANNIO